000 01101cab a2200229 4500
001 X3234
008 090401t1996 xxu||||| |||| 00| 0 eng d
035 _a(Sirsi) u29355
041 _aeng
245 _aExeter CC v Lidi UK Ltd
260 _c1996
350 _a0
490 _aPlanning Appeal Decisions
_v1996 11 PAD 79-88(10)
520 _aDecision letter 24 April 1995. Alternative proposals for development redevelopment of retail food store Class A1. contrary to planning policy b background. Loss of employment land or premises. Effect of retail store on city centre shopping. Relevant of possible availability of other sites for similar development. Appeals dismissed. Refusal of permission by Council on grounds which included environmental issues. Council failed to justify refusal on ground of noise and disturbance. Partial award of costs against Council. (Headnote from journal)
650 _aFOODSTORES
650 _aOUT-OF-TOWN
650 _aRETAIL DEVELOPMENT
650 _aTOWN CENTRES
690 _aPLANNING LAW AND PRACTICE-CASE LAW
942 _n0
948 _c04/03/1997
999 _c19777
_d19777